Taller de Actividades para el desarrollo del esquema corporal/ F. Jimenez (Registro nro. 11877)

Detalles MARC
000 -LEADER
fixed length control field 00541nam a22002051a 4500
001 - CONTROL NUMBER
control field 11877
003 - CONTROL NUMBER IDENTIFIER
control field OSt
005 - DATE AND TIME OF LATEST TRANSACTION
control field 20260204212300.0
008 - FIXED-LENGTH DATA ELEMENTS--GENERAL INFORMATION
fixed length control field 140820s1989||||sp ||||||b|||||||||| ||
020 ## - NUMERO DE LIBRO INTERNACIONAL NORMALIZADO
International Standard Book Number 843299426x
082 ## - DEWEY DECIMAL CLASSIFICATION NUMBER
Classification number 371.9 J564 t
100 ## - ASIENTO PRINCIPAL -- NOMBRE PERSONAL
Personal name Jimenez F.
245 ## - TÍTULO PROPIAMENTE DICHO: SUBTÍTULO
Title Taller de Actividades para el desarrollo del esquema corporal/ F. Jimenez
250 ## - MENCIÓN DE EDICIÓN
Edition statement 2
264 ## - PRODUCTION, PUBLICATION, DISTRIBUTION, MANUFACTURE, AND COPYRIGHT NOTICE
Place of production, publication, distribution, manufacture España : barcelona : CEAC.
300 ## - PHYSICAL DESCRIPTION
Extensión 104p.
490 ## - MENCIÓN DE SERIE
Series statement Coleccion Educacion y Enseñanza
650 ## - ASIENTO SECUNDARIO DE MATERIA -- TERMINO TEMÁTICO
Termino Temático Como Elemento de Entrada I-EDUCACION ESPECIALÌ
942 ## - ADDED ENTRY ELEMENTS (KOHA)
Source of classification or shelving scheme Dewey Decimal Classification
Koha item type Libros

No hay ítems disponibles.

© 2021 Derechos Reservados UTECO - Teléfono: +1 809-585-2291 - Correo electrónico: biblioteca@uteco.edu.do​  
Código postal 43000 ​​
Dirección: Avenida Universitaria No. 100, 
Cotuí, Provincia Sánchez Ramírez, República Dominicana - RNC: 404-00059-6